| 000 | 01014cam a2200313 a 4500 | ||
|---|---|---|---|
| 003 | CO-BoRNBP | ||
| 005 | 20241119094716.0 | ||
| 007 | ta | ||
| 008 | 050526s2021 ck a r 00011dspa d | ||
| 020 | _a9789585974531 | ||
| 040 |
_ala _cla _bspa _erda |
||
| 041 | 0 | _aspa | |
| 043 | _an-mx--- | ||
| 082 | 0 | 4 |
_aI863.6 _bL65v |
| 100 | 1 |
_aLomé, Emilio Angel. _eautor _943814 |
|
| 245 | 1 | 3 |
_aLa vaca que se creía mariposa / _ctexto de Emilio Angel Lomé ; ilustraciones de Alex Herrerías |
| 250 | _aPrimera edición | ||
| 264 | 4 |
_aBogotá, Colombia _bAvión de papel S.A.S. _c©2021 |
|
| 300 |
_a29 p. : _bil. ; _c25 cm. |
||
| 336 |
_2rdacontenido _atexto _btxt |
||
| 337 |
_2rdamedio _asin mediación _bn |
||
| 338 |
_2rdasoporte _avolumen _bnc |
||
| 650 | 7 |
_aCuentos infantiles mexicanos. _2BLAAUTO |
|
| 650 | 7 |
_aAnimales _vCuentos infantiles. _2BLAAUTO _943815 |
|
| 650 | 7 |
_aVacas _x Centos infantiles. _2BLAAUTO _943816 |
|
| 700 | 1 |
_aSan Vicente, Luis, _eil. _943817 |
|
| 942 |
_2ddc _cBK |
||
| 949 |
_an _bn |
||
| 999 |
_c38555 _d38555 |
||